| 000 | 01316nam a2200373Ia 4500 | ||
|---|---|---|---|
| 001 | Para_10482 | ||
| 003 | CHAP | ||
| 005 | 20231124125342.0 | ||
| 008 | 220125sOctu xx 000 0 und d | ||
| 010 | _a209175 | ||
| 040 | _cCHAP | ||
| 090 | a | _aPA CD-TESIS 284 | |
| 100 |
_aJiménez Sántiz Abel _9126564 |
||
| 245 |
_aControl de maleza en el cultivo de colza (Brassica napus) / _c por Abel Jiménez Sántiz; director. M.C. J. Antonio Tafoya Razo |
||
| 260 |
_aChapingo, Mèxico : _b el autor |
||
| 300 | _a49 p. | ||
| 502 | _aTesis (Ing. Agr. Esp. en Parasitologìa Agrìcola). UACh Departamento de Parasitoloìa Agrìcola | ||
| 650 |
_aAmaranthus hibridos _9175339 |
||
| 650 |
_aClasificaciòn Taxonica _9175340 |
||
| 650 |
_aControl malas hierbas _9175341 |
||
| 650 |
_aCultivos _930221 |
||
| 650 |
_aFamilia de las brasicáceas. _9175342 |
||
| 650 |
_aHerbicidas oxiflourfen _x smetacloro _9175343 |
||
| 650 |
_aRaps _x canola _9175344 |
||
| 650 |
_aSimsia amplexicaulis _9106522 |
||
| 700 |
_aOcampo Ruiz Roberto Abraham. Asesor _9175345 |
||
| 700 |
_aOsada Velazquez Horacio Koji. Asesor _9175346 |
||
| 901 | _aPA CD-TESIS 284 | ||
| 902 | _aA | ||
| 905 | _a123010Octubre, 2013 mx N 8000100100 06 | ||
| 910 | _aOctu | ||
| 942 |
_cPARA _2ddc |
||
| 942 |
_cPARA _2ddc |
||
| 999 |
_c209175 _d209175 |
||